<?xml version="1.0" encoding="UTF-8"?><?xml-stylesheet type="text/xsl" href="static/style.xsl"?><OAI-PMH xmlns="http://www.openarchives.org/OAI/2.0/" xmlns:xsi="http://www.w3.org/2001/XMLSchema-instance" xsi:schemaLocation="http://www.openarchives.org/OAI/2.0/ http://www.openarchives.org/OAI/2.0/OAI-PMH.xsd"><responseDate>2026-06-06T04:57:03Z</responseDate><request verb="GetRecord" identifier="oai:riuma.uma.es:10630/36531" metadataPrefix="marc">https://riuma.uma.es/rest/oai/request</request><GetRecord><record><header><identifier>oai:riuma.uma.es:10630/36531</identifier><datestamp>2026-02-03T11:20:05Z</datestamp><setSpec>com_10630_2254</setSpec><setSpec>col_10630_37953</setSpec></header><metadata><record xmlns="http://www.loc.gov/MARC21/slim" xmlns:dcterms="http://purl.org/dc/terms/" xmlns:doc="http://www.lyncode.com/xoai" xmlns:xsi="http://www.w3.org/2001/XMLSchema-instance" xsi:schemaLocation="http://www.loc.gov/MARC21/slim http://www.loc.gov/standards/marcxml/schema/MARC21slim.xsd">
   <leader>00925njm 22002777a 4500</leader>
   <datafield ind2=" " ind1=" " tag="042">
      <subfield code="a">dc</subfield>
   </datafield>
   <datafield ind2=" " ind1=" " tag="720">
      <subfield code="a">Sánchez-Hernández, María Carmen</subfield>
      <subfield code="e">author</subfield>
   </datafield>
   <datafield ind2=" " ind1=" " tag="260">
      <subfield code="c">2021</subfield>
   </datafield>
   <datafield ind2=" " ind1=" " tag="520">
      <subfield code="a">En la actualidad impera la concepción de un menor como sujeto dotado de derechos que, por su vulnerabilidad, debe beneficiarse de un régimen jurídico especial. Esta situación se agrava cuando padece algún tipo de enfermedad y exige intervención médica, debiendo la tutela del menor ser asegurada mediante normas que garanticen su protección. En particular, aquellas que establecen que el ejercicio de las responsabilidades parentales debe redundar en interés del niño, califican el interés del menor como superior, obligan a los padres a velar por su salud y otorgan a los progenitores la función de promover su desarrollo y protección. Pero, la defensa del menor presupone una acción que contemple su autonomía como persona. En esta era pedocéntrica, a pesar del potencial para fortalecer la garantía de la posición del menor que se divisa en el control extra-familiar de los componentes parentales, pueden plantearse ejemplos de lesión con la aprobación de los facultativos, Comisiones de Ética, Ministerio Fiscal y los tribunales. Se impone el establecimiento de un equilibrio entre el respeto debido a la autonomía del paciente menor, la patria potestad y la protección de la vida e integridad individuales. El reconocimiento progresivo de capacidad de actuación al menor, en base a su madurez e interés, implica una paulatina retirada de los representantes legales en orden a su intervención, lo que no debe ser interpretado en términos de desprotección, pues esta permanece hasta la mayoría de edad.</subfield>
   </datafield>
   <datafield ind1="8" ind2=" " tag="024">
      <subfield code="a">Sánchez Hernández, Carmen, Responsabilidad parental versus autonomía sanitaria del menor de edad, Revista de derecho privado, ISSN 0034-7922, Año nº 105, Mes 4, 2021, págs. 3-39.</subfield>
   </datafield>
   <datafield ind1="8" ind2=" " tag="024">
      <subfield code="a">https://hdl.handle.net/10630/36531</subfield>
   </datafield>
   <datafield ind1="8" ind2=" " tag="024">
      <subfield code="a">DOI: 10.30462/RDP-2021-04-01-807</subfield>
   </datafield>
   <datafield tag="653" ind2=" " ind1=" ">
      <subfield code="a">Niños - Protección, asistencia, etc.</subfield>
   </datafield>
   <datafield tag="653" ind2=" " ind1=" ">
      <subfield code="a">Derecho a la salud</subfield>
   </datafield>
   <datafield ind2="0" ind1="0" tag="245">
      <subfield code="a">Responsabilidad parental versus autonomía sanitaria del menor de edad,</subfield>
   </datafield>
</record>
</metadata></record></GetRecord></OAI-PMH>